00648 a2200193 450000500170000000800410001701000140005802000230007203500130009503700150010808200080012310000200013124501540015126000430030527000370034830000290038570000220041470000180043620080826112047.0080826t xxu||||| |||| 00| 0 eng d aENG-87157 a8187060271c250.00 aEN-70690 bDBAD / PUB a280 aDe Souza, Cyril aThe response of catholic youth to religion an all India studycby Cyril De Souza, Josantony Joseph and Johny JosephbLord I believe increase my faith aMumbaibDon Bosco Communicationsc2005 aMatunga, MumbaibMumbaie400 019 avii, 148p.c24cm (pbk ) aJoseph, Josantony aJoseph, Johny